[Event "BOARD 2,DIV D."]
[Site "http://www.queenalice.com/game.php?id=619023"]
[Date "2009.7.15"]
[Round "4"]
[White "cro_kramnik"]
[Black "sbirulino"]
[Result "1/2-1/2"]
[WhiteElo "2473"]
[BlackElo "1961"]

1. e4 e5 2. Nf3 Nc6 3. d4 exd4 4. Bc4 Nf6 5. e5 Ng4 6. Qe2 Qe7 7. Bf4 f6 8. exf6
Nxf6 9. Nbd2 d5 10. Bb5 Bd7 11. Bxc7 Rc8 12. Bxc6 Qxe2+ 13. Kxe2 bxc6 14. Bg3 c5
15. Rae1 Rg8 16. Kd1+ Kd8 17. Ne5 Be8 18. f3 Rc7 19. Kc1 Rb7 20. h4 Kc8 1/2-1/2

[Event "AUTO-OPEN-1650"]
[Site "http://www.queenalice.com/game.php?id=632849"]
[Date "2009.8.8"]
[Round "1"]
[White "sbirulino"]
[Black "jemidiosf"]
[Result "1-0"]
[WhiteElo "1935"]
[BlackElo "1068"]

1. d4 b5 2. e4 Bb7 3. Nc3 b4 4. Nd5 c6 5. Nxb4 e6 6. Qd2 Qb6 7. a3 g6 8. Nf3 d5
9. Bd3 Nd7 10. O-O Bh6 11. Qe2 dxe4 12. Bxe4 a5 13. Nd3 Rd8 14. Bxh6 Nxh6 15. b4
Ng4 16. Rfb1 Qa7 17. h3 Ngf6 18. bxa5 1-0

[Event "AUTO-OPEN-1650"]
[Site "http://www.queenalice.com/game.php?id=632850"]
[Date "2009.8.8"]
[Round "1"]
[White "jemidiosf"]
[Black "sbirulino"]
[Result "0-1"]
[WhiteElo "1068"]
[BlackElo "1937"]

1. g4 d5 2. Bg2 Bxg4 3. Bxd5 Qxd5 4. f3 e6 5. e4 Qc6 6. fxg4 Qxe4+ 7. Kf2 Qxh1
8. Qe2 Bc5+ 9. d4 Bxd4+ 10. Ke1 Qxg1+ 11. Kd2 Nc6 12. Qb5 Be3+ 13. Ke2 Qxc1 14.
Qxb7 Nd4+ 15. Kd3 Qf1+ 16. Kxe3 Nxc2+ 17. Kd2 Rd8+ 0-1

[Event "AUTO-OPEN-1650"]
[Site "http://www.queenalice.com/game.php?id=632851"]
[Date "2009.8.8"]
[Round "1"]
[White "sbirulino"]
[Black "Marivaldo"]
[Result "1-0"]
[WhiteElo "1910"]
[BlackElo "1847"]

1. d4 d5 2. c4 c6 3. Nc3 dxc4 4. e4 b5 5. a4 Bd7 6. axb5 cxb5 7. b3 Qc7 8. bxc4
bxc4 9. Nf3 e6 10. d5 Bb4 11. Qd4 Bxc3+ 12. Qxc3 Nf6 13. Bg5 Nxe4 14. Qxg7 Rf8
15. Bh6 Qd6 16. Qxf8+ Qxf8 17. Bxf8 Kxf8 18. Bxc4 a5 19. O-O Ra7 20. Rab1 Ra8
21. Ne5 Nd2 22. Rxb8+ Rxb8 23. Nxd7+ Ke7 24. Nxb8 Nxc4 25. Re1 Kd6 26. dxe6 fxe6
27. Rc1 a4 28. Rxc4 1-0

[Event "AUTO-OPEN-1650"]
[Site "http://www.queenalice.com/game.php?id=632852"]
[Date "2009.8.8"]
[Round "1"]
[White "Marivaldo"]
[Black "sbirulino"]
[Result "0-1"]
[WhiteElo "1834"]
[BlackElo "1923"]

1. d4 Nf6 2. Bf4 d5 3. Nc3 e6 4. a3 Bd6 5. Bg3 Nc6 6. e3 O-O 7. Bd3 Re8 8. Bh4
e5 9. Bxf6 Qxf6 10. Nxd5 Qg5 11. Qf3 e4 12. Bxe4 Nxd4 13. exd4 Qxd5 14. c3 Rxe4+
15. Kd2 Bg4 16. Qd3 Bf4+ 17. Kc2 Bf5 18. g4 Re1 19. gxf5 Rxa1 20. f3 Re8 21. Ne2
Rxh1 22. c4 Rxe2+ 23. Qxe2 Rxh2 24. cxd5 Rxe2+ 25. Kb3 Re3+ 26. Kc4 Rxf3 27. d6
Bxd6 28. Kd5 h5 29. Ke4 Rf1 30. d5 h4 0-1

[Event "AUTO-OPEN-1650"]
[Site "http://www.queenalice.com/game.php?id=632853"]
[Date "2009.8.8"]
[Round "1"]
[White "sbirulino"]
[Black "animis"]
[Result "1-0"]
[WhiteElo "1942"]
[BlackElo "1955"]

1. d4 d5 2. c4 Nf6 3. Nc3 e6 4. Nf3 c5 5. cxd5 Nxd5 6. e4 cxd4 7. Nxd4 Nf6 8. e5
Nfd7 9. Be2 Nxe5 10. Bf4 Nbc6 11. Nxc6 Nxc6 12. Qxd8+ Kxd8 13. O-O-O+ Ke8 14.
Nb5 e5 15. Nc7+ Ke7 16. Bxe5 Nxe5 17. Nxa8 Be6 18. Rhe1 1-0

[Event "AUTO-OPEN-1650"]
[Site "http://www.queenalice.com/game.php?id=632854"]
[Date "2009.8.8"]
[Round "1"]
[White "animis"]
[Black "sbirulino"]
[Result "1-0"]
[WhiteElo "1947"]
[BlackElo "2019"]

1. e4 e5 2. Nf3 Nf6 3. Nxe5 d6 4. Nf3 Nxe4 5. Qe2 Qe7 6. d3 Nf6 7. Bg5 Qxe2+ 8.
Bxe2 Be7 9. Nc3 O-O 10. O-O-O Re8 11. Rhe1 Bf5 12. Nd4 Bg4 13. Bxg4 1-0

[Event "Let's Play Chess!"]
[Site "http://www.queenalice.com/game.php?id=635327"]
[Date "2009.8.12"]
[Round "-"]
[White "sbirulino"]
[Black "backwardsjoe40"]
[Result "1-0"]
[WhiteElo "2000"]
[BlackElo "1085"]

1. d4 d5 2. c4 e6 3. Nc3 Nf6 4. Nf3 Be7 5. e3 O-O 6. Bd3 c5 7. dxc5 Bxc5 8. Na4
Be7 9. O-O Bd7 10. Qb3 Qa5 11. Qxb7 Bc6 12. Qxe7 Bxa4 13. Qa3 Nc6 14. b3 dxc4
15. Bxc4 1-0

[Event "Let's Play Chess!"]
[Site "http://www.queenalice.com/game.php?id=635600"]
[Date "2009.8.13"]
[Round "-"]
[White "sbirulino"]
[Black "positionalgenius"]
[Result "0-1"]
[WhiteElo "1975"]
[BlackElo "1899"]

1. d4 d5 2. c4 dxc4 3. Nc3 e6 4. e4 c5 5. Nf3 cxd4 6. Nxd4 Nc6 7. Nxc6 Qxd1+ 8.
Nxd1 bxc6 9. Bxc4 Bb4+ 10. Nc3 Nf6 11. f3 a5 12. O-O Ba6 13. Bxa6 Rxa6 14. Bg5
Be7 15. Rfd1 h6 16. Bf4 O-O 0-1

[Event "Challenge"]
[Site "http://www.queenalice.com/game.php?id=635882"]
[Date "2009.8.13"]
[Round "-"]
[White "backwardsjoe40"]
[Black "sbirulino"]
[Result "1-0"]
[WhiteElo "1077"]
[BlackElo "2002"]

1. e4 e5 2. Nf3 Nf6 3. d3 Bc5 4. h3 O-O 5. Be2 Nc6 6. c3 d5 7. Nbd2 dxe4 8. dxe4
Re8 9. O-O a5 10. a4 b6 11. Bc4 Bb7 12. Qb3 Qd7 13. Re1 Re6 14. Bxe6 1-0

[Event "Challenge"]
[Site "http://www.queenalice.com/game.php?id=635899"]
[Date "2009.8.13"]
[Round "-"]
[White "sbirulino"]
[Black "backwardsjoe40"]
[Result "0-1"]
[WhiteElo "1972"]
[BlackElo "1097"]

1. d4 d5 2. c4 e6 3. Nc3 Nf6 4. Nf3 Be7 5. e3 O-O 6. Bd3 c5 7. Qb3 Nc6 8. cxd5
exd5 9. O-O Na5 10. Qc2 h6 11. Re1 c4 12. Bf1 Nc6 13. e4 dxe4 14. Nxe4 Bg4 15.
Qc3 Bxf3 16. Qxf3 Nxd4 17. Nxf6+ Bxf6 18. Qxb7 Nc2 19. Bxc4 Nxe1 0-1

[Event "AUTO-OPEN-1669"]
[Site "http://www.queenalice.com/game.php?id=642407"]
[Date "2009.8.25"]
[Round "1"]
[White "sbirulino"]
[Black "gambit_personel_person"]
[Result "1/2-1/2"]
[WhiteElo "1961"]
[BlackElo "1100"]

1. d4 Nf6 2. c4 e5 3. dxe5 Ng4 4. Bf4 Nc6 5. Nf3 Bb4+ 6. Nc3 Qe7 7. Qd5 Bxc3+ 8.
bxc3 f6 9. exf6 Nxf6 10. Qg5 O-O 11. Bxc7 Qa3 12. Qc1 Qc5 13. e3 d6 14. Qd2 Ne4
15. Qd5+ Qxd5 16. cxd5 Ne7 17. Bxd6 Nxd6 18. Be2 Nxd5 19. Bc4 Be6 20. e4 Rfe8
21. Bxd5 Bxd5 22. O-O-O Bxe4 23. Rxd6 Bxf3 24. gxf3 Re2 25. Rhd1 Rae8 26. Rd7
1/2-1/2

[Event "AUTO-OPEN-1669"]
[Site "http://www.queenalice.com/game.php?id=642430"]
[Date "2009.8.25"]
[Round "1"]
[White "karpano"]
[Black "sbirulino"]
[Result "1-0"]
[WhiteElo "1783"]
[BlackElo "1932"]

1. d4 Nf6 2. c4 e6 3. Nc3 Bb4 4. Bd2 d5 5. e3 O-O 6. Nf3 Nc6 7. Bd3 Bd7 8. O-O
h6 9. Qc2 Re8 10. a3 Be7 11. Rfe1 a5 12. cxd5 exd5 13. Rac1 Bg4 14. Be2 Qc8 15.
e4 dxe4 16. Nxe4 Nxe4 17. Qxe4 1-0

[Event "AUTO-OPEN-1669"]
[Site "http://www.queenalice.com/game.php?id=642431"]
[Date "2009.8.25"]
[Round "1"]
[White "sbirulino"]
[Black "karpano"]
[Result "0-1"]
[WhiteElo "1956"]
[BlackElo "1759"]

1. d4 d5 2. c4 Nf6 3. Nc3 e6 4. Nf3 c6 5. e3 Be7 6. Bd3 O-O 7. O-O Nbd7 8. h3
Bd6 9. Re1 b6 10. Qc2 c5 11. cxd5 exd5 12. e4 dxe4 13. Nxe4 Bb7 14. Nxd6 Bxf3
15. gxf3 Nd5 16. Bxh7+ Kh8 17. Be4 N7f6 0-1

[Event "AUTO-OPEN-1669"]
[Site "http://www.queenalice.com/game.php?id=642444"]
[Date "2009.8.25"]
[Round "1"]
[White "jamsession"]
[Black "sbirulino"]
[Result "1-0"]
[WhiteElo "976"]
[BlackElo "1935"]

1. e4 e5 2. Nf3 Nf6 3. d3 Bd6 4. Be2 O-O 5. O-O Nc6 6. a3 Re8 7. Nc3 b6 8. Be3
Bb7 9. Re1 Be7 10. Bf1 Ng4 11. Bd2 h6 12. h3 Nf6 13. Qc1 Nd4 14. Be3 Nxf3+ 15.
gxf3 d5 16. exd5 Nxd5 17. Nxd5 Bxd5 18. Bg2 Qd6 19. Qd2 1-0

[Event "AUTO-OPEN-1669"]
[Site "http://www.queenalice.com/game.php?id=642445"]
[Date "2009.8.25"]
[Round "1"]
[White "sbirulino"]
[Black "jamsession"]
[Result "0-1"]
[WhiteElo "1935"]
[BlackElo "976"]

1. d4 d5 2. c4 Nf6 3. Nc3 e6 4. e3 Bb4 5. Bd2 Be7 6. Nf3 O-O 7. Bd3 dxc4 8. Bxc4
c6 9. O-O Nd5 10. Qb3 Bd6 11. e4 Nb6 12. e5 Be7 13. Rfd1 N8d7 14. Bd3 Re8 15. a4
a5 16. Qc2 g6 17. Ne2 Nd5 18. h3 N7b6 0-1

[Event "Torneo Italiano"]
[Site "http://www.queenalice.com/game.php?id=766871"]
[Date "2010.4.26"]
[Round "5"]
[White "sbirulino"]
[Black "amed66"]
[Result "0-1"]
[WhiteElo "1949"]
[BlackElo "2526"]

1. e4 e5 2. f4 exf4 3. Nf3 d5 4. exd5 Nf6 5. Bc4 Nxd5 6. d4 Qe7+ 7. Kf1 Be6 8.
Bxd5 Bxd5 9. Nc3 Bxf3 10. Qxf3 Nc6 11. Bxf4 O-O-O 12. a3 Nxd4 13. Qg4+ f5 14.
Qg3 Qf7 15. Rd1 Be7 16. Qd3 Rhe8 17. Bg3 Bc5 18. Bh4 Rd6 19. Re1 Re4 20. Bg3 f4
21. Bf2 Rxe1+ 22. Kxe1 f3 23. Ne4 fxg2 0-1